| 000 | 00973nas a22001817a 4500 | ||
|---|---|---|---|
| 001 | K121118 | ||
| 007 | ta | ||
| 008 | 190930b2019 ||||| |||| 00| 0 eng d | ||
| 041 | _aeng | ||
| 245 | _aSkills supply | ||
| 260 | _c2019 | ||
| 490 |
_aRICS Modus _vSeptember 2019, 12-26(15) |
||
| 520 | _aSeries of articles discussing the skills shortages in the built environment. Adam Branson looks at the long term causes of the construction skills gap; Stuart Watson examines how real estate's technological revolution can benefit professionals; recruiter Richard Gelder looks at the most in demand roles at the moment; Rene Lavanchy looks at how renewable energy changes may be stymied by the lack of the right talent; Nick Deeks reports on what is happening in Australia and three academics look at what universities can do to inspire the next generation. | ||
| 650 | _askills shortage | ||
| 650 | _aconstruction industry | ||
| 650 | _aProptech | ||
| 651 | _aUnited Kingdom | ||
| 999 |
_c121118 _d121118 |
||